Manual of industrial microbiology and biotechnology

Guardat en:
Dades bibliogràfiques
Autors principals: Demain, Arnold L (Autor), Davies, Julian E (Autor)
Format: Llibre
Idioma:anglès
Publicat: Washington, D.C American Society for Microbiology 1999
Edició:2a. ed
Matèries:
Etiquetes: Afegir etiqueta
Sense etiquetes, Sigues el primer a etiquetar aquest registre!

MARC

LEADER 00000nam a2200000 a 4500
001 UCK2777
003 CL-VaPUC
008 050318e19990000US |||||||||||||||||eng|d
020 |a 1555811280 
082 0 4 |a 660.6  |b DEM  |2 21 
100 0 |a Demain, Arnold L  |e author  |9 490759 
700 0 |a Davies, Julian E  |e author  |9 490760 
245 1 0 |a Manual of industrial microbiology and biotechnology 
250 |a 2a. ed 
300 |a 830 p 
942 |c BK 
945 |d 20050318 00:00:00  |a cmena 
260 |a Washington, D.C  |b American Society for Microbiology  |c 1999 
650 7 |a MICROBIOLOGIA INDUSTRIAL  |2 CL-VaPUC  |9 262989 
650 0 |a Manuales  |9 257144 
650 0 |a Biotecnología   |9 259561 
650 0 |a Enzimas  |9 262984 
650 0 |a Protección del medio ambiente  |9 257626 
583 |a last modification  |c 20050318 00:00:00  |k Rodrigo Vera 
999 |c 312233  |d 312231 
952 |0 0  |1 0  |4 0  |6 660_600000000000000_DEM_1999  |7 0  |8 F  |9 382203  |a BIBING  |b BIBING  |d 2019-11-21  |i 4100638  |o 660.6 DEM 1999  |p 4100638  |r 2025-01-20  |w 2019-11-21  |y BK_F  |k EIB